Landen die grenzen aan Duitsland - Statistieken

Algemene statistieken
  • Deze quiz is 183 keer genomen
  • De gemiddelde score is 9 van 9
Antwoordstatistieken
Lengte Land % Correct
575 km Nederland
99%
467 km Polen
99%
133 km België
97%
801 km Oostenrijk
97%
418 km Frankrijk
93%
140 km Denemarken
92%
138 km Luxemburg
92%
348 km Zwitserland
92%
817 km Tsjechië
91%
Geen overeenkomende quizzen gevonden
Scoreverdeling
Procent van Mensen met Elke Score
Percentiel versus Aantal Correcte Antwoorden
Uw Scoregeschiedenis
U heeft deze quiz nog niet genomen